000 00332nam a2200133 i 4500
001 bg
100 1 _aIngarden, Roman
_d(1893-1970).
245 0 _aSpór o istnienie świata.
_nT.2.
_nCz.2 /
_cR. Ingarden.
260 _aWarszawa,
_c1987.
040 _cBPK
041 _apol
942 _cKS
008 s pl f |000 0 pol
999 _c23727
_d23727
856 _uhttp://koha.tu.koszalin.pl/cgi-bin/koha/opac-detail.pl?biblionumber=23727
_yKatalog online BPK